Métodos numéricos para ingenieros con programas de aplicación

Bibliographic Details
Main Authors: Chapra, Steven C., Canale, Raymond P.
Format: Section = Libro
Language:Undetermined
Spanish
Published: México México 2007
Edition:5a.ed
Subjects:
LEADER 00627nam a2200217Ia 4500
008 240830s9999 xx 000 0 und d
020 |a 970-10-6114-5 
040 |a B-ESTELÍ- RUACS / 004 Ch467 
041 |a spa 
082 |a 004 Ch467  
100 1 |a Chapra, Steven C. 
100 1 |b  Canale, Raymond P. 
245 1 0 |a Métodos numéricos para ingenieros con programas de aplicación 
250 |a 5a.ed 
260 |a México  |b México  |c 2007 
300 |a 969 p. :il 
650 7 |a PROGRAMAS Y PROGRAMACIÓN DE COMPUTADORAS - MÉTODOS 
650 7 |b  NUMERICOS - INGENIERÍA 
942 |c BK  |2 ddc 
991 |a TEXTO 
999 |c 10528